| 000 | 00608nam a22002177a 4500 | ||
|---|---|---|---|
| 005 | 20140312104107.0 | ||
| 010 | _aENG-109536 | ||
| 020 |
_c599.00 _a9781259097980 |
||
| 020 |
_c599.00 _a1259097986 |
||
| 035 | _aEN-93069 | ||
| 037 | _bDBAD/PUB | ||
| 082 | _a336.54 | ||
| 100 | _aKhan, M.Y. | ||
| 245 | 0 | 0 |
_aIndian financial system / _cby M.Y. Khan |
| 250 | _a8th ed | ||
| 260 |
_aNew Delhi _bMcGraw Hill Education _c2013 |
||
| 270 |
_aP-24, Green Park Extn. _bNew Delhi _e110016 |
||
| 300 |
_avarious pagings _c24cm(pbk) |
||
| 500 | _aIncludes index | ||
| 942 |
_2ddc _cEN _mKHA _h336.54 |
||
| 999 |
_c82926 _d82926 |
||